Marvel Feature Films - Statistics

General Stats
  • This quiz has been taken 23 times
  • The average score is 49 of 75
Answer Stats
Hint Answer % Correct
2002 Spider-Man
100%
2012 The Amazing Spider-Man
100%
2012 The Avengers
94%
2015 Ant-Man
88%
2011 Captain America: The First Avenger
88%
2003 Hulk
88%
2008 Iron Man
88%
2010 Iron Man 2
88%
2013 Iron Man 3
88%
2008 The Incredible Hulk
88%
2016 Doctor Strange
82%
2004 Spider-Man 2
82%
2007 Spider-Man 3
82%
2011 Thor
82%
2018 Ant-Man and the Wasp
76%
2019 Avengers: Endgame
76%
2018 Avengers: Infinity War
76%
2018 Black Panther
76%
2016 Captain America: Civil War
76%
2014 Guardians of the Galaxy
76%
2017 Spider-Man: Homecoming
76%
2015 Avengers: Age of Ultron
71%
2021 Black Widow
71%
2014 Captain America: The Winter Soldier
71%
2019 Spider-Man: Far From Home
71%
2021 Spider-Man: No Way Home
71%
2023 The Marvels
71%
2017 Thor: Ragnarok
71%
2000 X-Men
71%
2023 Ant-Man and the Wasp: Quantumania
65%
2022 Black Panther: Wakanda Forever
65%
1988 Blade
65%
2019 Captain Marvel
65%
2016 Deadpool
65%
2018 Deadpool 2
65%
2005 Elektra
65%
2021 Eternals
65%
2015 Fant4stic
65%
2005 Fantastic Four
65%
2017 Guardians of the Galaxy: Vol. 2
65%
2023 Guardians of the Galaxy: Vol 3
65%
2013 Thor: The Dark World
65%
2025 Thunderbolts*
65%
2002 Blade II
59%
2004 Blade: Trinity
59%
2003 Daredevil
59%
2024 Deadpool & Wolverine
59%
2022 Doctor Strange in the Multiverse of Madness
59%
1986 Howard the Duck
59%
2021 Shang-Chi and the Legend of the Ten Rings
59%
2014 The Amazing Spider-Man 2
59%
2004 The Punisher
59%
2013 The Wolverine
59%
2022 Thor: Love and Thunder
59%
2003 X2
59%
2016 X-Men: Apocalypse
59%
2025 Captain America: Brave New World
53%
2007 Fantastic Four: Rise of the Silver Surfer
53%
2025 The Fantastic Four: First Steps
53%
2020 The New Mutants
53%
2018 Venom
53%
2011 X-Men: First Class
53%
2006 X-Men: The Last Stand
53%
2019 Dark Phoenix
47%
2007 Ghost Rider
47%
2017 Logan
47%
2024 Madame Web
47%
2022 Morbius
47%
2021 Venom: Let There Be Carnage
47%
2014 X-Men: Days of Future Past
47%
2009 X-Men Origins: Wolverine
47%
2024 Kraven the Hunter
41%
2024 Venom: The Last Dance
41%
2011 Ghost Rider: Spirit of Vengeance
35%
2008 Punisher: War Zone
35%
No matching quizzes found
Score Distribution
Percent of People with Each Score
Percentile by Number Answered
Your Score History
You have not taken this quiz